Southville International School and Colleges
Your cart is empty.
  • Cart
  • Lists
    Public lists Eva Luna New books Lux_list list_1
    Your lists Log in to create your own lists
  • Log in to your account
  • Your cookies
  • Search history
Southville International School and Colleges
  • Advanced search
  • Recent comments
  • Most popular
  • Libraries

Log in to your account

Log in with GOOGLE


If you do not have an external account, but do have a local account, you can still log in:

  1. Home
  2. MARC view: Local governance and national security /
Normal view MARC view ISBD view

Local governance and national security / (Record no. 288644)

[ view plain ]
MARC details
000 -LEADER
fixed length control field 01109cam a2200301 a 4500
001 - CONTROL NUMBER
control field 16266063
003 - CONTROL NUMBER IDENTIFIER
control field PILC
005 - DATE AND TIME OF LATEST TRANSACTION
control field 20150908085429.0
008 - FIXED-LENGTH DATA ELEMENTS--GENERAL INFORMATION
fixed length control field 100604s2009 ph a b 000 0 eng
010 ## - LIBRARY OF CONGRESS CONTROL NUMBER
LC control number 2010338525
020 ## - INTERNATIONAL STANDARD BOOK NUMBER
International Standard Book Number 9789718776155
040 ## - CATALOGING SOURCE
Original cataloging agency DLC
Transcribing agency DLC
Modifying agency DLC
042 ## - AUTHENTICATION CODE
Authentication code lcode
-- pcc
043 ## - GEOGRAPHIC AREA CODE
Geographic area code a-ph---
050 00 - LIBRARY OF CONGRESS CALL NUMBER
Classification number JS 7303.A2
Item number .So715 2009
100 1# - MAIN ENTRY--PERSONAL NAME
Personal name Sosmeña, Gaudioso C.,
Titles and other words associated with a name Jr.
245 10 - TITLE STATEMENT
Title Local governance and national security /
Statement of responsibility, etc Gaudioso C. Sosmeña, Jr.
260 ## - PUBLICATION, DISTRIBUTION, ETC. (IMPRINT)
Place of publication, distribution, etc Pasay City, Philippines :
Name of publisher, distributor, etc Local Government Development Foundation ;
Place of publication, distribution, etc Makati City, Philippines :
Name of publisher, distributor, etc Konrad-Adenauer-Stiftung,
Date of publication, distribution, etc 2009.
300 ## - PHYSICAL DESCRIPTION
Extent v, 206 pages :
Other physical details illustrations ;
Dimensions 23 cm.
500 ## - GENERAL NOTE
General note Includes bibliographical references.
650 #0 - SUBJECT ADDED ENTRY--TOPICAL TERM
Topical term or geographic name as entry element Local government
Geographic subdivision Philippines.
650 #0 - SUBJECT ADDED ENTRY--TOPICAL TERM
Topical term or geographic name as entry element National security
Geographic subdivision Philippines.
710 2# - ADDED ENTRY--CORPORATE NAME
Corporate name or jurisdiction name as entry element Local Government Development Foundation (Manila, Philippines)
710 2# - ADDED ENTRY--CORPORATE NAME
Corporate name or jurisdiction name as entry element Konrad-Adenauer-Stiftung (Makati, Philippines)
906 ## - LOCAL DATA ELEMENT F, LDF (RLIN)
a 7
b cbc
c origode
d 3
e ncip
f 20
g y-gencatlg
942 ## - ADDED ENTRY ELEMENTS (KOHA)
Source of classification or shelving scheme Library of Congress Classification
Koha item type Books
Call number prefix Foreign
Holdings
Withdrawn status Lost status Source of classification or shelving scheme Damaged status Home library Current library Shelving location Date acquired Source of acquisition Sub Shelving location Total Checkouts Full call number Barcode Date last seen Date checked out Price effective from Koha item type
    Library of Congress Classification   College Library College Library Filipiniana Section 09/08/2015 Donation   1 JS 7303.A2 .So715 2009 C19970 05/08/2018 10/09/2015 09/08/2015 Books

Local governance and national security /

APA

Sosmeña G. C., Local Government Development Foundation (Manila P. & Konrad-Adenauer-Stiftung (Makati P. (2009). Local governance and national security. Pasay City, Philippines: Local Government Development Foundation.

Chicago

Sosmeña Gaudioso C, Local Government Development Foundation (Manila Philippines) and Konrad-Adenauer-Stiftung (Makati Philippines). 2009. Local governance and national security. Pasay City, Philippines: Local Government Development Foundation.

Harvard

Sosmeña G. C., Local Government Development Foundation (Manila P. and Konrad-Adenauer-Stiftung (Makati P. (2009). Local governance and national security. Pasay City, Philippines: Local Government Development Foundation.

MLA

Sosmeña Gaudioso C, Local Government Development Foundation (Manila Philippines) and Konrad-Adenauer-Stiftung (Makati Philippines). Local governance and national security. Pasay City, Philippines: Local Government Development Foundation. 2009.

  • Place hold
  • Print
  • Cite
  • Add to your cart (remove)
  • Save record
    BIBTEX Dublin Core MARCXML MARC (non-Unicode/MARC-8) MARC (Unicode/UTF-8) MARC (Unicode/UTF-8, Standard) MODS (XML) RIS
  • More searches
    Search for this title in:
    Other Libraries (WorldCat) Other Databases (Google Scholar) Online Stores (Bookfinder.com) Open Library (openlibrary.org)

Exporting to Dublin Core...

SOUTHVILLE LIBRARY

Southville International School and Colleges Library

1281 Tropical Ave. Cor. Luxembourg St., BF Homes International, Las Pinas City

Tel. No. 8256374 / 252358 Loc. 117/146

Powered by Koha